[Event "GEO-chT"]
[Site "Ureki"]
[Date "2015.10.06"]
[Round "2.1"]
[White "Jobava, Baadur"]
[Black "Gelashvili, Tamaz"]
[Result "1-0"]
[WhiteElo "2683"]
[BlackElo "2570"]
[PlyCount "77"]
[EventDate "2015.10.05"]
[EventType "team-tourn"]
[EventRounds "7"]
[EventCountry "GEO"]
[SourceTitle "CBM 168 Extra"]
[Source "ChessBase"]
[SourceDate "2015.10.29"]
[SourceVersion "1"]
[SourceVersionDate "2015.10.29"]
[SourceQuality "1"]
[WhiteTeam "Tbilisi"]
[BlackTeam "Rustavi"]
[WhiteTeamCountry "GEO"]
[BlackTeamCountry "GEO"]

1. b3 d5 2. Bb2 a5 3. e3 c6 4. Be2 Nf6 5. d3 e6 6. Nf3 a4 7. 0-0 a3 8. Bc1 b5 9. c3 b4 10. cxb4 Bxb4 11. Nd4 Qe7 12. Nc2 Bd6 13. Qd2 h5 14. h3 g5 15. Qc3 Rg8 16. Bxa3 Rxa3 17. Nbxa3 g4 18. h4 Ne4 19. dxe4 Qxh4 20. e5 g3 21. fxg3 Qxg3 22. Bf3 Bxe5 23. Nd4 Ba6 24. Nc4 dxc4 25. b4 Rg4 26. Rfc1 Qh4 27. Rd1 Rg3 28. a4 Qf6 29. b5 Bb7 30. Qxc4 Rxf3 31. gxf3 c5 32. Qxc5 Nd7 33. Qc2 Qg5+ 34. Kf1 Qxe3 35. Qf2 Qg5 36. Qg2 Qe3 37. Nc6 Kf8 38. Rxd7 Bxc6 39. Re1 1-0

[Event "GEO-chT Club"]
[Site "Ureki"]
[Date "2014.10.03"]
[Round "7.1"]
[White "Fier, Alexandr"]
[Black "Gelashvili, Tamaz"]
[Result "1/2-1/2"]
[WhiteElo "2579"]
[BlackElo "2565"]
[PlyCount "23"]
[EventDate "2014.09.27"]
[EventType "team-tourn"]
[EventRounds "7"]
[EventCountry "GEO"]
[SourceTitle "CBM 162 Extra"]
[Source "ChessBase"]
[SourceDate "2014.10.17"]
[SourceVersion "1"]
[SourceVersionDate "2014.10.17"]
[SourceQuality "1"]
[WhiteTeam "Kakheti"]
[BlackTeam "Rustavi"]
[WhiteTeamCountry "GEO"]
[BlackTeamCountry "GEO"]

1. e4 c5 2. Nf3 d6 3. d4 cxd4 4. Nxd4 Nf6 5. Nc3 g6 6. Be2 Bg7 7. 0-0 0-0 8. Re1 Nc6 9. Nb3 a5 10. a4 Be6 11. Bf1 Nb4 12. Nd4 1/2-1/2

[Event "Dallas UTD-B"]
[Site "Dallas"]
[Date "2013.11.24"]
[Round "5"]
[White "Lenderman, Aleksandr"]
[Black "Gelashvili, Tamaz"]
[Result "1/2-1/2"]
[WhiteElo "2537"]
[BlackElo "2590"]
[PlyCount "72"]
[EventDate "2013.11.21"]
[EventType "tourn"]
[EventRounds "9"]
[EventCountry "USA"]
[EventCategory "2"]
[SourceTitle "CBM 157 Extra"]
[Source "ChessBase"]
[SourceDate "2013.12.19"]
[SourceVersion "1"]
[SourceVersionDate "2013.12.19"]
[SourceQuality "1"]

1. c4 Nf6 2. Nf3 c5 3. Nc3 g6 4. d4 cxd4 5. Nxd4 Nc6 6. e4 d6 7. Be2 Nxd4 8. Qxd4 Bg7 9. Be3 0-0 10. Qd2 a5 11. f3 a4 12. Rc1 Qa5 13. Rc2 Be6 14. Nd5 Bxd5 15. cxd5 Nd7 16. Qxa5 Rxa5 17. 0-0 Nc5 18. Rb1 b5 19. Bd2 Ra6 20. Bxb5 Rb6 21. Bc4 Rfb8 22. Bc1 Bd4+ 23. Kf1 Kg7 24. g3 h6 25. Kg2 R6b7 26. h4 Rb6 27. g4 R6b7 28. Kg3 Kh7 29. g5 hxg5 30. hxg5 Kg8 31. Kg2 Rb6 32. Kf1 R6b7 33. Ke2 Rb6 34. Kd1 Kg7 35. Ke2 Kg8 36. Kd1 Kg7 1/2-1/2

[Event "Dallas UTD-B"]
[Site "Dallas"]
[Date "2013.11.22"]
[Round "2"]
[White "Gelashvili, Tamaz"]
[Black "Labedz, Patrycja"]
[Result "1-0"]
[WhiteElo "2590"]
[BlackElo "2102"]
[PlyCount "63"]
[EventDate "2013.11.21"]
[EventType "tourn"]
[EventRounds "9"]
[EventCountry "USA"]
[EventCategory "2"]
[SourceTitle "CBM 157 Extra"]
[Source "ChessBase"]
[SourceDate "2013.12.19"]
[SourceVersion "1"]
[SourceVersionDate "2013.12.19"]
[SourceQuality "1"]

1. d4 d5 2. c4 e6 3. Nf3 Nf6 4. e3 Be7 5. Nc3 0-0 6. b3 b6 7. Bd3 Bb7 8. 0-0 Nbd7 9. Bb2 c5 10. cxd5 exd5 11. Bf5 Re8 12. Qc2 Rc8 13. Rac1 Bf8 14. Rfd1 c4 15. bxc4 Rxc4 16. Bd3 Rc7 17. Qa4 Nb8 18. Bb5 Nfd7 19. Qxa7 Re6 20. Qa4 Rh6 21. Ba3 Bxa3 22. Qxa3 Nf6 23. Ne2 Re7 24. Ng3 g6 25. Rc2 Ne4 26. Rdc1 Kg7 27. Bd3 f5 28. Bxe4 fxe4 29. Ne5 Na6 30. h3 Nb8 31. Qxe7+ Qxe7 32. Rc7 1-0

[Event "Dallas UTD-B"]
[Site "Dallas"]
[Date "2013.11.21"]
[Round "1"]
[White "Safin, Artur K"]
[Black "Gelashvili, Tamaz"]
[Result "0-1"]
[WhiteElo "2251"]
[BlackElo "2590"]
[PlyCount "136"]
[EventDate "2013.11.21"]
[EventType "tourn"]
[EventRounds "9"]
[EventCountry "USA"]
[EventCategory "2"]
[SourceTitle "CBM 157 Extra"]
[Source "ChessBase"]
[SourceDate "2013.12.19"]
[SourceVersion "1"]
[SourceVersionDate "2013.12.19"]
[SourceQuality "1"]

1. e4 Nc6 2. d4 e5 3. d5 Nce7 4. c4 Ng6 5. Be3 Nf6 6. Nc3 Bb4 7. f3 Bxc3+ 8. bxc3 d6 9. c5 0-0 10. Bc4 Nd7 11. c6 bxc6 12. dxc6 Nb6 13. Bb3 Qe8 14. Rc1 Qxc6 15. c4 Be6 16. Ne2 Rfd8 17. 0-0 Qe8 18. a4 a5 19. Bxb6 cxb6 20. Nc3 Qc6 21. Rf2 Qc5 22. Nb5 Nf4 23. Kf1 h5 24. Rd2 h4 25. Rc3 Rd7 26. Qe1 g5 27. Qf2 Rad8 28. g3 Qxf2+ 29. Kxf2 hxg3+ 30. hxg3 Ng6 31. Rcd3 Kf8 32. Rxd6 Rxd6 33. Rxd6 Rxd6 34. Nxd6 Ke7 35. Nb5 Kd7 36. Ke3 Kc6 37. Kd3 Kc5 38. Kc3 Bh3 39. Bd1 Bf1 40. Nc7 Bxc4 41. Ne8 Nf8 42. Nf6 Be6 43. Nh5 Nd7 44. f4 f6 45. Ng7 Bf7 46. Bg4 Kd6 47. fxg5 fxg5 48. Nf5+ Kc7 49. Nh6 Be8 50. Kc4 Nc5 51. Kd5 Bc6+ 52. Kxe5 Nxe4 53. Nf7 Nxg3 54. Nxg5 Bxa4 55. Kd4 Bd7 56. Bf3 Nf5+ 57. Kc3 b5 58. Nh7 b4+ 59. Kd3 Bb5+ 60. Kd2 Kd6 61. Nf6 Ke5 62. Ng4+ Kd4 63. Bd1 Nd6 64. Bb3 a4 65. Be6 Bc4 66. Bxc4 Nxc4+ 67. Kc1 b3 68. Nf2 a3 0-1